[Event "Stay Safe Play From Home 246"]
[Site "Emanuel Lasker Arena"]
[Date "2020.06.22"]
[Round "1"]
[White "Don59as"]
[Black "Katianet"]
[Result "1/2-1/2"]
[WhiteElo "2083"]
[BlackElo "1562"]
[Annotator "NA"]
[PlyCount "103"]
[EventDate "2020.06.22"]
[EventType "swiss (blitz)"]

1. c4 {[%emt 0:00:02]} e6 {[%emt 0:00:00]} 2. e4 {[%emt 0:00:02]} d5 {[%emt 0:00:01]} 3. cxd5 {[%emt 0:00:00]} exd5 {[%emt 0:00:01]} 4. e5 {[%emt 0:00:00]} Be6 {[%emt 0:00:02]} 5. f4 {[%emt 0:00:01]} Ne7 {[%emt 0:00:01]} 6. Nf3 {[%emt 0:00:01]} Nf5 {[%emt 0:00:02]} 7. d4 {[%emt 0:00:01]} c5 {[%emt 0:00:02]} 8. Nc3 {[%emt 0:00:02]} cxd4 {[%emt 0:00:01]} 9. Nxd4 {[%emt 0:00:01]} Nc6 {[%emt 0:00:07]} 10. Nxf5 {[%emt 0:00:04]} Bxf5 {[%emt 0:00:03]} 11. Qxd5 {[%emt 0:00:03]} Qxd5 {[%emt 0:00:02]} 12. Nxd5 {[%emt 0:00:01]} O-O-O {[%emt 0:00:03]} 13. Ne3 {[%emt 0:00:03]} Be4 {[%emt 0:00:02]} 14. Be2 {[%emt 0:00:09]} Bb4+ {[%emt 0:00:01]} 15. Kf2 {[%emt 0:00:02]} Nd4 {[%emt 0:00:03]} 16. Bg4+ {[%emt 0:00:05]} Kb8 {[%emt 0:00:02]} 17. a3 {[%emt 0:00:02]} Bc5 {[%emt 0:00:06]} 18. b4 {[%emt 0:00:03]} Bb6 {[%emt 0:00:01]} 19. Kg3 {[%emt 0:00:06]} h5 {[%emt 0:00:03]} 20. Bd1 {[%emt 0:00:06]} h4+ {[%emt 0:00:04]} 21. Kh3 {[%emt 0:00:09]} Nf5 {[%emt 0:00:02]} 22. Re1 {[%emt 0:00:07]} Nxe3 {[%emt 0:00:01]} 23. Bxe3 {[%emt 0:00:01]} Rd3 {[%emt 0:00:06]} 24. Bc2 {[%emt 0:00:07]} Rxe3+ {[%emt 0:00:02]} 25. Rxe3 {[%emt 0:00:02]} Bxe3 {[%emt 0:00:02]} 26. Bxe4 {[%emt 0:00:01]} Bxf4 {[%emt 0:00:01]} 27. Bd5 {[%emt 0:00:04]} Bxe5 {[%emt 0:00:06]} 28. Rf1 {[%emt 0:00:04]} f6 {[%emt 0:00:01]} 29. Kg4 {[%emt 0:00:02]} Rd8 {[%emt 0:00:06]} 30. Be6 {[%emt 0:00:04]} Rd4+ {[%emt 0:00:03]} 31. Kf5 {[%emt 0:00:02]} Rd2 {[%emt 0:00:01]} 32. Rc1 {[%emt 0:00:03]} a6 {[%emt 0:00:04]} 33. g4 {[%emt 0:00:05]} hxg3 {[%emt 0:00:02]} 34. hxg3 {[%emt 0:00:01]} Bxg3 {[%emt 0:00:05]} 35. a4 {[%emt 0:00:05]} Be5 {[%emt 0:00:02]} 36. b5 {[%emt 0:00:01]} axb5 {[%emt 0:00:02]} 37. axb5 {[%emt 0:00:00]} Rb2 {[%emt 0:00:01]} 38. Bd7 {[%emt 0:00:01]} g5 {[%emt 0:00:02]} 39. Rc8+ {[%emt 0:00:06]} Ka7 {[%emt 0:00:01]} 40. Re8 {[%emt 0:00:02]} Kb6 {[%emt 0:00:02]} 41. Re7 {[%emt 0:00:01]} Rb4 {[%emt 0:00:07]} 42. Bc8 {[%emt 0:00:02]} Kxb5 {[%emt 0:00:03]} 43. Rxb7+ {[%emt 0:00:02]} Kc5 {[%emt 0:00:02]} 44. Rxb4 {[%emt 0:00:12]} Kxb4 {[%emt 0:00:01]} 45. Kg4 {[%emt 0:00:01]} Kc4 {[%emt 0:00:01]} 46. Bf5 {[%emt 0:00:01]} Kd4 {[%emt 0:00:01]} 47. Bc8 {[%emt 0:00:01]} Ke3 {[%emt 0:00:02]} 48. Bf5 {[%emt 0:00:01]} Kd4 {[%emt 0:00:01]} 49. Bd7 {[%emt 0:00:01]} Bf4 {[%emt 0:00:05]} 50. Bf5 {[%emt 0:00:00]} Ke5 {[%emt 0:00:01]} 51. Bc8 {[%emt 0:00:01]} Bd2 {[%emt 0:00:02]} 52. Bf5 {[%emt 0:00:00] Katianet offre la patta (Lag: Av=0.40s, max=0.8s)} 1/2-1/2

[Event "Stay Safe Play From Home 246"]
[Site "Emanuel Lasker Arena"]
[Date "2020.06.22"]
[Round "1"]
[White "Lazieri3"]
[Black "Timbre"]
[Result "1-0"]
[WhiteElo "2081"]
[BlackElo "1687"]
[PlyCount "69"]
[EventDate "2020.06.22"]
[EventType "swiss (blitz)"]

1. e4 {[%emt 0:00:02]} c6 {[%emt 0:00:10]} 2. d4 {[%emt 0:00:04]} d5 {[%emt 0:00:01]} 3. exd5 {[%emt 0:00:01]} cxd5 {[%emt 0:00:02]} 4. c3 {[%emt 0:00:00]} Nc6 {[%emt 0:00:01]} 5. Nf3 {[%emt 0:00:00]} Nf6 {[%emt 0:00:02]} 6. Bf4 {[%emt 0:00:00]} e6 {[%emt 0:00:03]} 7. Bd3 {[%emt 0:00:01]} Bd6 {[%emt 0:00:01]} 8. Bxd6 {[%emt 0:00:01]} Qxd6 {[%emt 0:00:02]} 9. O-O {[%emt 0:00:00]} h6 {[%emt 0:00:02]} 10. Re1 {[%emt 0:00:01]} O-O {[%emt 0:00:01]} 11. h3 {[%emt 0:00:01]} a6 {[%emt 0:00:01]} 12. Nbd2 {[%emt 0:00:01]} b5 {[%emt 0:00:02]} 13. a3 {[%emt 0:00:01]} Bb7 {[%emt 0:00:01]} 14. Qe2 {[%emt 0:00:02]} Na5 {[%emt 0:00:02]} 15. Ne5 {[%emt 0:00:02]} Nc4 {[%emt 0:00:02]} 16. Ndxc4 {[%emt 0:00:04]} dxc4 {[%emt 0:00:02]} 17. Bc2 {[%emt 0:00:03]} Qd5 {[%emt 0:00:02]} 18. f3 {[%emt 0:00:02]} Rad8 {[%emt 0:00:06]} 19. Rad1 {[%emt 0:00:01]} Qd6 {[%emt 0:00:06]} 20. Ng4 {[%emt 0:00:03]} Nxg4 {[%emt 0:00:05]} 21. hxg4 {[%emt 0:00:00]} g6 {[%emt 0:00:03]} 22. Qe3 {[%emt 0:00:04]} Kg7 {[%emt 0:00:02]} 23. Kf2 {[%emt 0:00:01]} Qe7 {[%emt 0:00:04]} 24. Rh1 {[%emt 0:00:02]} g5 {[%emt 0:00:08]} 25. Bb1 {[%emt 0:00:04]} f5 {[%emt 0:00:07]} 26. gxf5 {[%emt 0:00:02]} Qf6 {[%emt 0:00:09]} 27. fxe6 {[%emt 0:00:04]} Rfe8 {[%emt 0:00:02]} 28. Rde1 {[%emt 0:00:02]} Bd5 {[%emt 0:00:02]} 29. e7 {[%emt 0:00:03]} Rd7 {[%emt 0:00:04]} 30. Qe5 {[%emt 0:00:04]} Qxe5 {[%emt 0:00:03]} 31. Rxe5 {[%emt 0:00:00]} Rdxe7 {[%emt 0:00:01]} 32. Rxd5 {[%emt 0:00:02]} Re2+ {[%emt 0:00:05]} 33. Kg3 {[%emt 0:00:01]} Rxb2 {[%emt 0:00:05]} 34. Rd7+ {[%emt 0:00:02]} Kf6 {[%emt 0:00:03]} 35. Rxh6# {[%emt 0:00:02] (Lag: Av=0.69s, max=4.1s)} 1-0

[Event "Stay Safe Play From Home 246"]
[Site "Emanuel Lasker Arena"]
[Date "2020.06.22"]
[Round "1"]
[White "Haxhi Baha"]
[Black "Matanant"]
[Result "0-1"]
[WhiteElo "1921"]
[BlackElo "1827"]
[Annotator "NA"]
[PlyCount "54"]
[EventDate "2020.06.22"]
[EventType "swiss (blitz)"]

1. e4 {[%emt 0:00:01]} e5 {[%emt 0:00:12]} 2. f4 {[%emt 0:00:01]} exf4 {[%emt 0:00:03]} 3. Bc4 {[%emt 0:00:01]} Qh4+ {[%emt 0:00:10]} 4. Kf1 {[%emt 0:00:01]} Bc5 {[%emt 0:00:11]} 5. d4 {[%emt 0:00:02]} Bb6 {[%emt 0:00:01]} 6. Nf3 {[%emt 0:00:03]} Qg4 {[%emt 0:00:05]} 7. Bxf7+ {[%emt 0:00:02]} Kf8 {[%emt 0:00:03]} 8. Bxg8 {[%emt 0:00:02]} Kxg8 {[%emt 0:00:06]} 9. c3 {[%emt 0:00:02]} h6 {[%emt 0:00:07]} 10. Nbd2 {[%emt 0:00:09]} Kh7 {[%emt 0:00:02]} 11. Qc2 {[%emt 0:00:05]} d5 {[%emt 0:00:08]} 12. h3 {[%emt 0:00:07]} Qh5 {[%emt 0:00:09]} 13. exd5+ {[%emt 0:00:07]} Bf5 {[%emt 0:00:02]} 14. Qb3 {[%emt 0:00:02]} g5 {[%emt 0:00:07]} 15. Ne5 {[%emt 0:00:06]} Nd7 {[%emt 0:00:06]} 16. Ndf3 {[%emt 0:00:01]} g4 {[%emt 0:00:12]} 17. Nxd7 {[%emt 0:00:07]} gxf3 {[%emt 0:00:06]} 18. Nf6+ {[%emt 0:00:02]} Kg6 {[%emt 0:00:04]} 19. Nxh5 {[%emt 0:00:00]} Kxh5 {[%emt 0:00:01]} 20. gxf3 {[%emt 0:00:06]} Bd3+ {[%emt 0:00:08]} 21. Kf2 {[%emt 0:00:01]} Rae8 {[%emt 0:00:03]} 22. Bxf4 {[%emt 0:00:12]} Re2+ {[%emt 0:00:03]} 23. Kg3 {[%emt 0:00:02]} Rg8+ {[%emt 0:00:02]} 24. Bg5 {[%emt 0:00:02]} Rxg5+ {[%emt 0:00:04]} 25. Kf4 {[%emt 0:00:01]} c6 {[%emt 0:00:01]} 26. h4 {[%emt 0:00:15]} Bc7+ {[%emt 0:00:06]} 27. d6 {[%emt 0:00:04]} Bxd6# {[%emt 0:00:01] (Lag: Av=0.85s, max=1.0s)} 0-1

[Event "Stay Safe Play From Home 246"]
[Site "Emanuel Lasker Arena"]
[Date "2020.06.22"]
[Round "1"]
[White "Tunca"]
[Black "Mepe_Nika"]
[Result "0-1"]
[WhiteElo "1647"]
[BlackElo "2298"]
[PlyCount "74"]
[EventDate "2020.06.22"]
[EventType "swiss (blitz)"]

1. e4 {[%emt 0:00:01]} e5 {[%emt 0:00:07]} 2. Nf3 {[%emt 0:00:03]} Nc6 {[%emt 0:00:01]} 3. Bb5 {[%emt 0:00:01]} a6 {[%emt 0:00:02]} 4. Ba4 {[%emt 0:00:01]} Nf6 {[%emt 0:00:01]} 5. O-O {[%emt 0:00:02]} Be7 {[%emt 0:00:03]} 6. Re1 {[%emt 0:00:01]} b5 {[%emt 0:00:01]} 7. Bb3 {[%emt 0:00:01]} O-O {[%emt 0:00:05]} 8. d3 {[%emt 0:00:03]} Bb7 {[%emt 0:00:07]} 9. Nbd2 {[%emt 0:00:01]} d5 {[%emt 0:00:03]} 10. exd5 {[%emt 0:00:14]} Nxd5 {[%emt 0:00:00]} 11. Nxe5 {[%emt 0:00:03]} Nd4 {[%emt 0:00:03]} 12. Ndf3 {[%emt 0:00:17]} Nxb3 {[%emt 0:00:04]} 13. axb3 {[%emt 0:00:00]} Bd6 {[%emt 0:00:03]} 14. Ng4 {[%emt 0:00:05]} Qd7 {[%emt 0:00:07]} 15. Ne3 {[%emt 0:00:03]} Nf4 {[%emt 0:00:02]} 16. d4 {[%emt 0:00:19]} Rae8 {[%emt 0:00:02]} 17. c4 {[%emt 0:00:28]} Nh3+ {[%emt 0:01:07]} 18. Kf1 {[%emt 0:00:08]} Bb4 {[%emt 0:00:17]} 19. Bd2 {[%emt 0:00:07]} Bxd2 {[%emt 0:00:01]} 20. Nxd2 {[%emt 0:00:01]} Nf4 {[%emt 0:00:10]} 21. Nf3 {[%emt 0:00:05]} Re6 {[%emt 0:00:02]} 22. d5 {[%emt 0:00:01]} Rg6 {[%emt 0:00:01]} 23. Nd4 {[%emt 0:00:02]} Qe7 {[%emt 0:00:04]} 24. Ndf5 {[%emt 0:00:12]} Qg5 {[%emt 0:00:02]} 25. Ng3 {[%emt 0:00:03]} Re8 {[%emt 0:00:03]} 26. Qd2 {[%emt 0:00:13]} h5 {[%emt 0:00:01]} 27. Rad1 {[%emt 0:00:14]} h4 {[%emt 0:00:01]} 28. Nh1 {[%emt 0:00:00]} Bc8 {[%emt 0:00:04]} 29. g3 {[%emt 0:00:01]} Bh3+ {[%emt 0:00:01]} 30. Kg1 {[%emt 0:00:00]} Re5 {[%emt 0:00:05]} 31. Nf1 {[%emt 0:00:01]} Nh5 {[%emt 0:00:04]} 32. Rxe5 {[%emt 0:00:01]} Qxe5 {[%emt 0:00:01]} 33. Qe3 {[%emt 0:00:01]} Qxe3 {[%emt 0:00:01]} 34. Nxe3 {[%emt 0:00:00]} hxg3 {[%emt 0:00:00]} 35. Nf5 {[%emt 0:00:00]} gxh2+ {[%emt 0:00:01]} 36. Kxh2 {[%emt 0:00:00]} Bxf5 {[%emt 0:00:01]} 37. Ng3 {[%emt 0:00:01]} Nf4 {[%emt 0:00:00] Time (Lag: Av=0.46s, max=1.2s)} 0-1

[Event "Stay Safe Play From Home 246"]
[Site "Emanuel Lasker Arena"]
[Date "2020.06.22"]
[Round "1"]
[White "Germanicus G"]
[Black "Dukic"]
[Result "0-1"]
[WhiteElo "1470"]
[BlackElo "1802"]
[Annotator "NA"]
[PlyCount "104"]
[EventDate "2020.06.22"]
[EventType "swiss (blitz)"]

1. Nf3 {[%emt 0:00:08]} c6 {[%emt 0:00:02]} 2. e3 {[%emt 0:00:00]} d6 {[%emt 0:00:01]} 3. d4 {[%emt 0:00:01]} Nd7 {[%emt 0:00:01]} 4. g3 {[%emt 0:00:00]} e5 {[%emt 0:00:01]} 5. Bg2 {[%emt 0:00:01]} e4 {[%emt 0:00:01]} 6. Nfd2 {[%emt 0:00:02]} d5 {[%emt 0:00:00]} 7. c4 {[%emt 0:00:01]} f5 {[%emt 0:00:02]} 8. Nc3 {[%emt 0:00:01]} Ndf6 {[%emt 0:00:04]} 9. cxd5 {[%emt 0:00:03]} cxd5 {[%emt 0:00:02]} 10. Qb3 {[%emt 0:00:04]} a6 {[%emt 0:00:03]} 11. O-O {[%emt 0:00:05]} b5 {[%emt 0:00:02]} 12. a4 {[%emt 0:00:01]} b4 {[%emt 0:00:01]} 13. Ne2 {[%emt 0:00:01]} a5 {[%emt 0:00:01]} 14. Qc2 {[%emt 0:00:07]} Qd7 {[%emt 0:00:09]} 15. Nb3 {[%emt 0:00:02]} Ba6 {[%emt 0:00:02]} 16. Nc5 {[%emt 0:00:03]} Qc6 {[%emt 0:00:06]} 17. Re1 {[%emt 0:00:17]} Rc8 {[%emt 0:00:02]} 18. Nf4 {[%emt 0:00:03]} Bxc5 {[%emt 0:00:06]} 19. dxc5 {[%emt 0:00:05]} Qxc5 {[%emt 0:00:01]} 20. Qxc5 {[%emt 0:00:03]} Rxc5 {[%emt 0:00:01]} 21. Ne6 {[%emt 0:00:01]} Rc2 {[%emt 0:00:07]} 22. Nxg7+ {[%emt 0:00:02]} Kf7 {[%emt 0:00:02]} 23. Nxf5 {[%emt 0:00:04]} Ne7 {[%emt 0:00:09]} 24. Nd4 {[%emt 0:00:04]} Rc7 {[%emt 0:00:05]} 25. b3 {[%emt 0:00:02]} h5 {[%emt 0:00:04]} 26. Bb2 {[%emt 0:00:06]} h4 {[%emt 0:00:02]} 27. Rac1 {[%emt 0:00:05]} Rxc1 {[%emt 0:00:09]} 28. Rxc1 {[%emt 0:00:03]} hxg3 {[%emt 0:00:01]} 29. hxg3 {[%emt 0:00:02]} Rf8 {[%emt 0:00:07]} 30. Rc7 {[%emt 0:00:03]} Ng4 {[%emt 0:00:02]} 31. Nc6 {[%emt 0:00:02]} Re8 {[%emt 0:00:07]} 32. Bd4 {[%emt 0:00:37]} Ke6 {[%emt 0:00:11]} 33. Bh3 {[%emt 0:00:05]} Kd6 {[%emt 0:00:10]} 34. Rxe7 {[%emt 0:00:01]} Rxe7 {[%emt 0:00:02]} 35. Nxe7 {[%emt 0:00:01]} Ne5 {[%emt 0:00:04]} 36. Nf5+ {[%emt 0:00:03]} Ke6 {[%emt 0:00:03]} 37. Bxe5 {[%emt 0:00:04]} Kxe5 {[%emt 0:00:01]} 38. Nd4 {[%emt 0:00:01]} Bd3 {[%emt 0:00:02]} 39. Bf1 {[%emt 0:00:01]} Bb1 {[%emt 0:00:05]} 40. Nc6+ {[%emt 0:00:02]} Kd6 {[%emt 0:00:01]} 41. Nxa5 {[%emt 0:00:01]} Kc5 {[%emt 0:00:00]} 42. Bb5 {[%emt 0:00:04]} Bc2 {[%emt 0:00:01]} 43. f4 {[%emt 0:00:04]} exf3 {[%emt 0:00:03]} 44. Kf2 {[%emt 0:00:01]} Kb6 {[%emt 0:00:01]} 45. Nc6 {[%emt 0:00:03]} Bxb3 {[%emt 0:00:01]} 46. Nd4 {[%emt 0:00:02]} Ba2 {[%emt 0:00:04]} 47. g4 {[%emt 0:00:01]} b3 {[%emt 0:00:01]} 48. Nxb3 {[%emt 0:00:01]} Bxb3 {[%emt 0:00:02]} 49. Kxf3 {[%emt 0:00:01]} Kc5 {[%emt 0:00:01]} 50. Kf4 {[%emt 0:00:01]} Bc2 {[%emt 0:00:02]} 51. g5 {[%emt 0:00:02]} d4 {[%emt 0:00:02]} 52. exd4+ {[%emt 0:00:02]} Kxd4 {[%emt 0:00:02] Zeit (Lag: Av=0.40s, max=1.0s)} 0-1

[Event "Stay Safe Play From Home 246"]
[Site "Emanuel Lasker Arena"]
[Date "2020.06.22"]
[Round "2"]
[White "Little champs"]
[Black "Germanicus G"]
[Result "0-1"]
[WhiteElo "2073"]
[BlackElo "1466"]
[Annotator "TA"]
[PlyCount "52"]
[EventDate "2020.06.22"]
[EventType "swiss (blitz)"]

{[%evp 15,52,27,27,-19,-8,-48,99,4,31,-82,-82,-70,-62,-55,-31,-32,-40,-33,0,0,61,-17,-3,-90,-60,-67,-64,-165,-168,-162,0,0,0,-3,284,274,266,258,280]} 1. d4 e6 2. e4 d5 3. Nd2 Nf6 4. exd5 exd5 5. Ngf3 Bd6 6. Bd3 O-O 7. O-O c5 8. dxc5 Bxc5 {[#]} 9. c4 $146 {C03: French Tarrasch: Unusual Black 3rd moves.} ({Predecessor:} 9. Nb3 Bb6 10. h3 Nc6 11. c3 Ne4 12. Nbd4 Qf6 13. Be3 Re8 14. Re1 Bc7 15. Qb3 Nxd4 16. Bxd4 Qd6 {1-0 (25) Rogic,D (2516)-Poetsch,H (2497) Germany 2017}) 9... Nc6 10. cxd5 Nxd5 (10... Qxd5 $15 {stays ahead.} 11. Qb3 Rd8 12. Qxd5 Nxd5) 11. Ne4 (11. Qc2 $16 Be7 12. Bxh7+ Kh8 13. Be4) 11... Bb6 $11 12. Neg5 (12. Bg5 $14 f6 13. Bd2) 12... h6 $17 13. Ne4 Ndb4 $36 {[%mdl 2048] Black has good play.} 14. Bb1 Be6 15. a3 Qxd1 16. Rxd1 Nd5 (16... Rad8 {is interesting.} 17. Bd2 Bb3 18. Re1 Na6 19. Bc3 Rfe8) 17. Ba2 Rfd8 {[#]} (17... Nce7 $11) 18. Bd2 ({White should play} 18. Bxh6 $1 $14 {[%mdl 512]} Nf4 (18... gxh6 19. Bxd5) 19. Bxf4 (19. Rxd8+ Rxd8 20. Bxe6 gxh6 $14) 19... Rxd1+ 20. Rxd1 Bxa2 21. Rd2) 18... Nc7 19. Bb1 (19. Bxe6 $11 {keeps the balance.} Nxe6 20. Be3) 19... Nd4 20. Nxd4 Rxd4 21. Bc2 {[#]} (21. Re1 $15) 21... Bf5 $1 $19 {[%cal Rf5e4]} 22. Bc3 Bxe4 $2 ({Better is} 22... Rxe4 $19 23. Bxe4 Bxe4) 23. Bxd4 $11 Bxc2 24. Bxb6 axb6 $4 {[%mdl 8192]} (24... Bxd1 $11 25. Bxc7 Bb3) 25. Rdc1 $18 Be4 26. Rxc7 Bc6 {[%mdl 32768] Accuracy: White = 39%, Black = 51%. . Loss on time!?} 0-1

[Event "Stay Safe Play From Home 246"]
[Site "Emanuel Lasker Arena"]
[Date "2020.06.22"]
[Round "2"]
[White "Haris kollari 13"]
[Black "Neco74"]
[Result "0-1"]
[WhiteElo "1888"]
[BlackElo "2022"]
[Annotator "NA"]
[PlyCount "104"]
[EventDate "2020.06.22"]
[EventType "swiss (blitz)"]

1. e4 {[%emt 0:00:02]} d5 {[%emt 0:00:00]} 2. exd5 {[%emt 0:00:02]} Qxd5 {[%emt 0:00:00]} 3. c4 {[%emt 0:00:01]} Qd8 {[%emt 0:00:01]} 4. d4 {[%emt 0:00:01]} c6 {[%emt 0:00:02]} 5. Be3 {[%emt 0:00:01]} Nf6 {[%emt 0:00:02]} 6. Nc3 {[%emt 0:00:01]} Bg4 {[%emt 0:00:01]} 7. Nf3 {[%emt 0:00:03]} e6 {[%emt 0:00:01]} 8. Be2 {[%emt 0:00:01]} Be7 {[%emt 0:00:03]} 9. a3 {[%emt 0:00:01]} O-O {[%emt 0:00:01]} 10. h3 {[%emt 0:00:01]} Bh5 {[%emt 0:00:01]} 11. Bd3 {[%emt 0:00:02]} Nbd7 {[%emt 0:00:01]} 12. Qc2 {[%emt 0:00:03]} Bg6 {[%emt 0:00:01]} 13. Bxg6 {[%emt 0:00:04]} hxg6 {[%emt 0:00:01]} 14. O-O-O {[%emt 0:00:01]} Qa5 {[%emt 0:00:02]} 15. g4 {[%emt 0:00:06]} Rfd8 {[%emt 0:00:03]} 16. Nd2 {[%emt 0:00:06]} e5 {[%emt 0:00:06]} 17. dxe5 {[%emt 0:00:05]} Nxe5 {[%emt 0:00:02]} 18. f4 {[%emt 0:00:01]} Ned7 {[%emt 0:00:18]} 19. f5 {[%emt 0:00:04]} gxf5 {[%emt 0:00:03]} 20. gxf5 {[%emt 0:00:02]} Ne5 {[%emt 0:00:06]} 21. Bf4 {[%emt 0:00:09]} Nd3+ {[%emt 0:00:02]} 22. Kb1 {[%emt 0:00:04]} Nxf4 {[%emt 0:00:01]} 23. h4 {[%emt 0:00:06]} Qc7 {[%emt 0:00:13]} 24. Nde4 {[%emt 0:00:03]} Nxe4 {[%emt 0:00:01]} 25. Nxe4 {[%emt 0:00:01]} Qe5 {[%emt 0:00:05]} 26. Rdf1 {[%emt 0:00:05]} Nd3 {[%emt 0:00:03]} 27. Ng5 {[%emt 0:00:11]} Bf6 {[%emt 0:00:02]} 28. Rd1 {[%emt 0:00:05]} Qxb2+ {[%emt 0:00:01]} 29. Qxb2 {[%emt 0:00:01]} Nxb2 {[%emt 0:00:01]} 30. Rxd8+ {[%emt 0:00:01]} Rxd8 {[%emt 0:00:01]} 31. Ne4 {[%emt 0:00:00]} Nxc4 {[%emt 0:00:02]} 32. Kc2 {[%emt 0:00:06]} Nd6 {[%emt 0:00:03]} 33. Nxf6+ {[%emt 0:00:02]} gxf6 {[%emt 0:00:01]} 34. Rd1 {[%emt 0:00:03]} Kf8 {[%emt 0:00:04]} 35. h5 {[%emt 0:00:04]} Ke7 {[%emt 0:00:01]} 36. Re1+ {[%emt 0:00:01]} Kd7 {[%emt 0:00:01]} 37. Rd1 {[%emt 0:00:01]} Rh8 {[%emt 0:00:01]} 38. Rh1 {[%emt 0:00:06]} Nxf5 {[%emt 0:00:01]} 39. Rh3 {[%emt 0:00:00]} Rh6 {[%emt 0:00:02]} 40. Kd3 {[%emt 0:00:02]} Ng7 {[%emt 0:00:01]} 41. Ke4 {[%emt 0:00:01]} Rxh5 {[%emt 0:00:01]} 42. Rg3 {[%emt 0:00:02]} Ne6 {[%emt 0:00:01]} 43. Rd3+ {[%emt 0:00:03]} Rd5 {[%emt 0:00:03]} 44. Rb3 {[%emt 0:00:03]} b5 {[%emt 0:00:01]} 45. Rb1 {[%emt 0:00:01]} a5 {[%emt 0:00:03]} 46. Ra1 {[%emt 0:00:01]} f5+ {[%emt 0:00:01]} 47. Kf3 {[%emt 0:00:01]} f4 {[%emt 0:00:01]} 48. Ke4 {[%emt 0:00:01]} Rd4+ {[%emt 0:00:02]} 49. Ke5 {[%emt 0:00:01]} Ke7 {[%emt 0:00:02]} 50. Kf5 {[%emt 0:00:01]} f3 {[%emt 0:00:02]} 51. Rf1 {[%emt 0:00:04]} Rf4+ {[%emt 0:00:01]} 52. Ke5 {[%emt 0:00:03]} f6# {[%emt 0:00:01] (Lag: Av=0.60s, max=1.1s)} 0-1

[Event "Stay Safe Play From Home 246"]
[Site "Emanuel Lasker Arena"]
[Date "2020.06.22"]
[Round "2"]
[White "Matanant"]
[Black "Lazieri3"]
[Result "1/2-1/2"]
[WhiteElo "1849"]
[BlackElo "2084"]
[Annotator "TA"]
[PlyCount "74"]
[EventDate "2020.06.22"]
[EventType "swiss (blitz)"]

{[%evp 9,74,5,20,4,18,14,35,14,20,12,11,6,30,25,27,23,57,47,85,37,43,22,16,8,8,8,8,8,8,6,24,14,16,16,20,0,0,-41,0,-13,-7,-53,-57,-49,-42,-62,1,0,0,0,0,0,28,36,30,22,102,97,104,66,102,54,55,41,53,47,77]} 1. b3 d5 2. Bb2 Nc6 3. e3 Nf6 4. f4 Bg4 5. Nf3 e6 6. Bb5 {A01: Nimzowitsch-Larsen Opening.} Bd6 7. O-O Qe7 8. d3 O-O 9. Bxc6 bxc6 10. Nbd2 {[#]} Ba3 $146 ({Predecessor:} 10... Nd7 11. Qe1 f6 12. Qh4 f5 13. Qxe7 Bxe7 14. Nd4 e5 15. Nxc6 Bc5 16. d4 exd4 17. exd4 {0-1 (44) Pruesse,H (2069)-Pruell,L (1892) Neumarkt am Wallersee 2012}) 11. Qc1 Bxb2 12. Qxb2 c5 13. Ne5 Bh5 14. h3 Nd7 15. g4 {[#] And now Nxd7 would win.} Nxe5 16. Qxe5 Bg6 17. f5 f6 $1 {[%cal Rf6e5]} 18. Qxe6+ Qxe6 19. fxe6 Rfe8 20. h4 {[#] Black must now prevent h5.} Rxe6 21. h5 Bf7 22. Rf3 Rae8 23. Nf1 g6 24. hxg6 hxg6 25. Re1 Kg7 26. Ng3 R8e7 27. e4 dxe4 ({Better is} 27... Ra6 $15) 28. Nxe4 Be8 29. Ref1 Bc6 30. Nxc5 Bxf3 (30... Re2 {seems wilder.} 31. R3f2 R2e3 32. Kh2 Re8 33. Ne4 Rh8+) 31. Nxe6+ Rxe6 32. Rxf3 $11 {[%mdl 4096] Endgame KR-KR} Re1+ (32... Kh6 $1 $11 {keeps the balance.}) 33. Kg2 Kf7 34. a4 Ke6 35. Kf2 Rc1 {White is slightly better.} 36. Re3+ Kd5 37. Re2 c5 {Accuracy: White = 77%, Black = 68%.} 1/2-1/2